LIBRARY & INFORMATION CENTRE, KCAET, TAVANUR

ONLINE PUBLIC ACCESS CATALOGUE (OPAC)

Sundhara Kandam / (Record no. 737)

MARC details
000 -LEADER
fixed length control field 00311cam a2200121ua 4500
082 ## - DEWEY DECIMAL CLASSIFICATION NUMBER
Classification number 894.8121
Item number EZH/SU
100 ## - MAIN ENTRY--AUTHOR NAME
Personal name Ezhuthachan, Thunchath .
245 ## - TITLE STATEMENT
Title Sundhara Kandam /
260 ## - PUBLICATION, DISTRIBUTION, ETC. (IMPRINT)
Place of publication Kozhikode :
Name of publisher Touring book stall ,
Year of publication 1969.
300 ## - PHYSICAL DESCRIPTION
Number of Pages 124 ; .
490 0# - SERIES STATEMENT
Series statement Purana kavyamala series,
942 ## - ADDED ENTRY ELEMENTS (KOHA)
Koha item type Books
Holdings
Withdrawn status Lost status Damaged status Home library Current library Date acquired Full call number Accession Number Koha item type
Withdrawn     KAUAET Sanskrit University 07/04/2012 894.8121 13239 Books
free website counter